| 000 | 00370 a2200157 4500 | ||
|---|---|---|---|
| 001 | 167606 | ||
| 020 | _a | ||
| 040 | _cMagnum | ||
| 100 | _aVigotski, Lev Semenovich | ||
| 240 | 1 | 0 |
_aLinguagem, desenvolvimento e aprendizagem _lpor |
| 245 | 1 | 0 | _aLinguagem, desenvolvimento e aprendizagem |
| 362 | 0 | _a1899 | |
| 440 | 1 | _aÍcone | |
| 697 | _aSEM ASSUNTO | ||
| 942 | _cBK | ||
| 999 |
_c167606 _d167606 |
||